| 000 | 00688nam a2200229 a 4500 | ||
|---|---|---|---|
| 001 | 24665 | ||
| 003 | CO-ViMGA | ||
| 008 | 141112s2004 ck r 000 u spa d | ||
| 020 | _a9583020877 | ||
| 040 |
_aCO-ViMGA _bspa _cCO-ViMGA |
||
| 082 | 0 | 4 | _aI220 L151p |
| 100 | 1 |
_aLama, Pedro _936760 |
|
| 245 | 1 | 0 |
_aLa pequeña Biblia puzzle / _cTraducción de Pedro Lama ; ilustraciones de Gustavo Mazati |
| 246 | _aThe little puzzle Bible | ||
| 260 |
_aColombia : _bPanAméricana, _c2006 |
||
| 300 | _a11 p. | ||
| 650 | 1 | 4 |
_aBiblia infantil _936761 |
| 650 | 1 | 4 |
_alibro - Rompecabezas _936762 |
| 700 | 1 |
_aLama, Pedro; Tr. _936763 |
|
| 700 | 1 |
_aMazati, Gustavo; il. _936764 |
|
| 942 |
_2ddc _cBK |
||
| 999 |
_c32476 _d32476 |
||